000
00398nam a2200133Ia 4500
008
100328s9999 xx 000 0 und d
082
_b
22782
100
_a
पाठक गंगाधर रामचंद्र
245
_a
चंद्रसेना
260
_b
अ.गं.पाठर
630
_a
चंद्रसेना
730
_a
चंद्रसेना
942
_c
BOOK
999
_c
516613
_d
516610